Identifikácia úverového rizika pre malé a stredné podniky v bankovo-úverových obchodoch
Úverové riziko vo väzbe na malé a stredné podniky v bankovo úverových obchodoch. Úverové riziko predstavuje riziko, že klient nedodrží podmienky v zmluvnom vzťahu a banke tým vznikne strata.
Salvato in:
| Autore principale: | |
|---|---|
| Altri autori: | |
| Natura: | Capitolo di libro |
| Lingua: | slovacco |
| Soggetti: | |
| Tags: |
Nessun Tag, puoi essere il primo ad aggiungerne!!
|
MARC
| LEADER | 00000naa a2200000 4500 | ||
|---|---|---|---|
| 001 | 0250649 | ||
| 005 | 20220718123911.5 | ||
| 041 | 0 | |a slo | |
| 044 | |a SK | ||
| 245 | 1 | 0 | |a Identifikácia úverového rizika pre malé a stredné podniky v bankovo-úverových obchodoch |c Silvia Lenčéšová, Mária Šajbidorová |
| 520 | |a Úverové riziko vo väzbe na malé a stredné podniky v bankovo úverových obchodoch. Úverové riziko predstavuje riziko, že klient nedodrží podmienky v zmluvnom vzťahu a banke tým vznikne strata. | ||
| 610 | 2 | 0 | |a podnik malý |
| 610 | 2 | 0 | |a prostredie podnikateľské |
| 610 | 2 | 0 | |a riziko úverové |
| 610 | 2 | 0 | |a podnik stredný |
| 610 | 2 | 0 | |a banky obchodné |
| 610 | 2 | 0 | |a analýza komparatívna |
| 610 | 2 | 0 | |a obchody bankové |
| 100 | 1 | |a Lenčéšová, Silvia | |
| 700 | 1 | |a Šajbidorová, Mária | |